Steely Dan Musicians - Statistics

General Stats
  • This quiz has been taken 18 times
  • The average score is 18 of 125
Answer Stats
Hint Answer % Correct
Keyboards, Vocals, SaxophoneAll Albums Donald Fagen
100%
Bass, Guitar, Harmonica, Vocals, PercussionAll Albums Walter Becker
100%
Guitar, Electric Sitar, VocalsCan't Buy a Thrill, Countdown to Ecstasy, Pretzel Logic, Katy Lied, The Royal Scam, Aja Denny Dias
64%
Guitar, Pedal Steel Guitar, Percussion, VocalsCan't Buy a Thrill, Countdown to Ecstasy, Pretzel Logic Jeff "Skunk" Baxter
64%
VocalsKaty Lied, The Royal Scam, Aja, Gaucho Michael McDonald
57%
PercussionGaucho Ralph MacDonald
50%
DrumsThe Royal Scam, Aja, Gaucho Bernard Purdie
43%
GuitarCan't Buy a Thrill, Katy Lied, The Royal Scam Elliot Randall
43%
GuitarKaty Lied, The Royal Scam, Aja, Gaucho Larry Carlton
43%
SaxophoneAja Wayne Shorter
43%
BassPretzel Logic, Katy Lied, The Royal Scam, Aja, Gaucho Chuck Rainey
36%
Drums, Percussion, DorophonePretzel Logic, Katy Lied, Gaucho Jeff Porcaro
36%
GuitarCountdown to Ecstasy, Katy Lied, Gaucho Rick Derringer
36%
VocalsCountdown to Ecstasy Royce Jones
36%
VocalsEverything Must Go Brenda White-King
29%
Vocals Can't Buy a Thrill, The Royal Scam, Aja Clydie King
29%
VocalsCan't Buy a Thrill David Palmer
29%
Guitar, BanjoPretzel Logic, Katy Lied, The Royal Scam, Aja, Two Against Nature Dean Parks
29%
FlugelhornCan't Buy a Thrill Snooky Young
29%
Drums, PercussionAja, Gaucho Steve Gadd
29%
Saxophone, Lyricon, ClarinetAja, Gaucho Tom Scott
29%
BassGaucho Anthony Jackson
21%
DrumsKaty Lied Hal Blaine
21%
DrumsPretzel Logic Jim Gordon
21%
Drums, Percussion, VocalsCan't Buy a Thrill, Countdown to Ecstasy, Pretzel Logic Jim Hodder
21%
SaxophoneCountdown to Ecstasy Lanny Morgan
21%
Keyboards, SaxophoneTwo Against Nature Lawrence Feldman
21%
GuitarGaucho Mark Knopfler
21%
SaxophoneGaucho Michael Brecker
21%
DrumsTwo Against Nature Michael White
21%
TrumpetPretzel Logic Ollie Mitchell
21%
GuitarTwo Against Nature Paul Jackson Jr.
21%
SaxophonePretzel Logic, The Royal Scam, Aja Plas Johnson
21%
BassCountdown to Ecstasy Ray Brown
21%
Vocals Can't Buy a Thrill, The Royal Scam, Aja Venetta Fields
21%
Percussion, Vibraphone, Marimba, Flapamba, KeyboardsCan't Buy a Thrill, Countdown to Ecstasy, Katy Lied, The Royal Scam, Aja, Gaucho Victor Feldman
21%
GuitarCountdown to Ecstasy, Pretzel Logic Ben Benay
14%
VocalsEverything Must Go Catherine Russell
14%
SaxophoneTwo Against Nature, Everything Must Go Chris Potter
14%
KeyboardsPretzel Logic, Katy Lied David Paich
14%
VocalsGaucho Diva Gray
14%
GuitarKaty Lied, Gaucho, Two Against Nature, Everything Must Go Hugh McCracken
14%
GuitarAja Jay Graydon
14%
SaxophoneCan't Buy a Thrill, Pretzel Logic Jerome Richardson
14%
GuitarAja Lee Ritenour
14%
VocalsGaucho Lesley Miller
14%
KeyboardsPretzel Logic, Katy Lied, Aja Michael Omartian
14%
VocalsCountdown to Ecstasy, Katy Lied Myrna Matthews
14%
VocalsCountdown to Ecstasy Patricia Hall
14%
SaxophoneKaty Lied Phil Woods
14%
Trumpet, FlugelhornGaucho Randy Brecker
14%
DrumsThe Royal Scam, Aja, Gaucho Rick Marotta
14%
GongPretzel Logic Roger Nichols
14%
Vocals Can't Buy a Thrill, Countdown to Ecstasy, Katy Lied, The Royal Scam, Aja Sherlie Matthews
14%
KeyboardsTwo Against Nature, Everything Must Go Ted Baker
14%
TromboneGaucho Wayne Andre
14%
PercussionTwo Against Nature Will Lee
14%
VocalsGaucho Zack Sanders
14%
KeyboardsEverything Must Go Bill Charlap
7%
VocalsTwo Against Nature, Everything Must Go Carolyn Leonhart
7%
VocalsKaty Lied Carolyn Willis
7%
VocalsTwo Against Nature Cynthia Calhoun
7%
SaxophoneGaucho David Sanborn
7%
Trombone, TrumpetThe Royal Scam, Aja Dick "Slyde" Hyde
7%
KeyboardsThe Royal Scam, Aja, Gaucho Don Grolnick
7%
SaxophoneCountdown to Ecstasy, Pretzel Logic Ernie Watts
7%
PercussionGaucho Errol "Crusher" Bennett
7%
VocalsCountdown to Ecstasy James Rolleston
7%
SaxophoneThe Royal Scam, Aja Jim Horn
7%
TromboneTwo Against Nature, Everything Must Go Jim Pugh
7%
SaxophoneThe Royal Scam John Klemmer
7%
SaxophoneCountdown to Ecstasy Johnny Rotella
7%
DrumsTwo Against Nature, Everything Must Go Keith Carlock
7%
TrombonePretzel Logic, Aja Lew McCreary
7%
SaxophoneTwo Against Nature Lou Marini
7%
VocalsCountdown to Ecstasy Michael Fennelly
7%
VocalsTwo Against Nature, Everything Must Go Michael Harvey
7%
Trumpet, KeyboardsTwo Against Nature, Everything Must Go Michael Leonhart
7%
PercussionGaucho Nicholas Marrero
7%
VocalsGaucho Patti Austin
7%
Keyboards, VocalsThe Royal Scam, Aja Paul Griffin
7%
Keyboards Gaucho Rob Mounsey
7%
GuitarAja, Gaucho Steve Khan
7%
VocalsEverything Must Go Tawatha Agee
7%
VocalsGaucho Valerie Simpson
7%
BassPretzel Logic, Katy Lied Wilton Felder
7%
VocalsEverything Must Go Ada Dyer
0%
WhistleTwo Against Nature Amy Helm
0%
SaxophoneCountdown to Ecstasy, Katy Lied, Aja Bill Perkins
0%
TrumpetThe Royal Scam Bob Findley
0%
TrumpetThe Royal Scam, Aja Chuck Findley
0%
VocalsEverything Must Go Cindy Mizelle
0%
PercussionTwo Against Nature Daniel Sadownick
0%
SaxophoneGaucho, Two Against Nature Dave Tofani
0%
DrumsAja Ed Greene
0%
VocalsGaucho Frank Floyd
0%
PercussionThe Royal Scam, Aja Gary Coleman
0%
ClarinetGaucho George Marge
0%
PercussionTwo Against Nature, Everything Must Go Gordon Gottlieb
0%
VocalsGaucho Gordon Grody
0%
GuitarGaucho Hiram Bullock
0%
Saxophone, FluteAja Jackie Kelso
0%
Drums, PercussionAja Jim Keltner
0%
KeyboardsAja, Gaucho Joe Sample
0%
GuitarTwo Against Nature, Everything Must Go Jon Herington
0%
ClarinetEverything Must Go Ken Hitchcock
0%
VocalsGaucho Lani Groves
0%
DrumsTwo Against Nature Leroy Clouden
0%
KeyboardsGaucho Pat Rebillot
0%
DrumsAja Paul Humphrey
0%
SaxophoneAja Pete Christlieb
0%
VocalsAja Rebecca Louis
0%
DrumsTwo Against Nature Ricky Lawson
0%
Clarinet, SaxophoneTwo Against Nature, Everything Must Go Roger Rosenberg
0%
SaxophoneGaucho Ronnie Cuber
0%
ClarinetTwo Against Nature Roy Hitchcock
0%
DrumsTwo Against Nature Sonny Emory
0%
VibraphoneTwo Against Nature Steve Shapiro
0%
VocalsPretzel Logic, The Royal Scam, Aja Timothy B. Schmit
0%
BassTwo Against Nature Tom Barney
0%
VocalsGaucho Toni Wine
0%
TrumpetEverything Must Go Tony Kadleck
0%
DrumsTwo Against Nature Vinnie Colaiuta
0%
ClarinetGaucho Walter Kane
0%
SaxophoneEverything Must Go Walt Weiskopf
0%
No matching quizzes found
Score Distribution
Percent of People with Each Score
Percentile by Number Answered
Your Score History
You have not taken this quiz